ბათუმის შოთა რუსთაველის სახელმწიფო უნივერსიტეტის ბიბლიოთეკა

Toy Story 2. Book of the film (ბიბ.ჩანაწერი № 47372)

000 -LEADER
fixed length control field 00513nam a2200217Ia 4500
001 - CONTROL NUMBER
control field 14234
003 - CONTROL NUMBER IDENTIFIER
control field GE_BSU
008 - FIXED-LENGTH DATA ELEMENTS--GENERAL INFORMATION
fixed length control field 181216s||||||||xx |||||||||||||| ||und||
020 ## - INTERNATIONAL STANDARD BOOK NUMBER
International Standard Book Number 9781407518107
040 ## - CATALOGING SOURCE
Transcribing agency GE_BSU
080 ## - UNIVERSAL DECIMAL CLASSIFICATION NUMBER
Universal Decimal Classification number 82-93
245 ## - TITLE STATEMENT
Title Toy Story 2. Book of the film
245 ## - TITLE STATEMENT
Remainder of title Adapted by Leslie Goldman
260 ## - PUBLICATION, DISTRIBUTION, ETC.
Place of publication, distribution, etc. New York
260 ## - PUBLICATION, DISTRIBUTION, ETC.
Name of publisher, distributor, etc. Parragon
260 ## - PUBLICATION, DISTRIBUTION, ETC.
Date of publication, distribution, etc. 2007
300 ## - PHYSICAL DESCRIPTION
Extent 127p.19cm.
653 ## - INDEX TERM--UNCONTROLLED
Uncontrolled term Adapted by Leslie Goldman
653 ## - INDEX TERM--UNCONTROLLED
Uncontrolled term Toy Story 2. Book of the film
942 ## - ADDED ENTRY ELEMENTS (KOHA)
Koha item type წიგნი
ეგზემპლარები
Withdrawn status Lost status Damaged status Not for loan Date acquired Barcode Date last seen Price effective from Koha item type
        2018-12-17 37479 2018-12-17 2018-12-17 წიგნი